| 000 | 00402nam a22001577a 4500 | ||
|---|---|---|---|
| 003 | SGT | ||
| 020 | _a8174462317 | ||
| 082 | _a823 | ||
| 100 | _aDR. RAKESH CHOPRA | ||
| 245 | _aTHE STRESS CYCLONE | ||
| 260 |
_aNEW DELHI _bEXCEL BOOK _c2001 |
||
| 300 | _a237 | ||
| 650 | _aENGLISH FICTION | ||
| 653 | _aPROBLEMS OR SITUATIONS?, LEADING TO THE CYCLONE WITHIN, THE LIFE WE LIVE | ||
| 942 |
_2ddc _cFCM |
||
| 999 |
_c9423 _d9423 |
||